Classical mechanics /

Guardado en:
Autor Principal: Goldstein, Herbert, 1922-
Formato: Libro
Idioma:English
Publicado: Cambridge, Mass. : Addison-Wesley, c1950.
Etiquetas: Agregar Etiqueta
Sin Etiquetas, Sea el primero en etiquetar este registro!
LEADER 00558nam a22001811a 4500
001 MAT.inmabb002510
008 731016s1950####maua#####b####001#0#eng##
005 20130313105631.0
245 1 0 |a Classical mechanics /  |c by Herbert Goldstein. 
260 |a Cambridge, Mass. :  |b Addison-Wesley,  |c c1950. 
300 |a xii, 399 p. :  |b il. ;  |c 24 cm. 
504 |a Bibliografía: p. 373-376. 
510 4 |a MR,  |c 13,291a 
100 1 |a Goldstein, Herbert,  |d 1922- 
084 |a 70-02  |2 msc2000 
010 |a  50007669  
040 |a DLC  |c DLC  |d DLC 
859 |h 70  |i G624  |p A-8169  |b BIB. MATEMATICA